000 00462nam a2200145 i 4500
001 76413
003 ES-MaACL
007 t|
008 041001s1966 sp ||||1| spa d
245 0 0 _aGuía de la CEPE para la simplificación y normalización de los documentos del comercio exterior.
260 _a[S.l.] :
_bComisión Económica para Europa,
_c[1966]
300 _a9 t. en 1 v. ;
_c32 cm.
500 _aEs una carpeta.
852 _aES-MaACL
_jE-8219
_bR.92812
999 _c76413
_d76413